000 01257nam a2200421 a 4500
003 AR-BaBNM
005 20251128204550.0
008 082120s2002 ||||||||||||||000 | spa||
040 _cAR-BaBNM
100 1 _aAnsart, Pierre
245 0 0 _aEl nacimiento del anarquismo
260 _aBuenos Aires
_bAmorrortu
_c1973
300 _a267 p.
_bil.
490 0 _aBiblioteca de sociología
504 _aBibliografía sobre la introducción, la homología de las estructuras económicas, la homología de las prácticas, la homología de las visiones del mundo: p. 257-265
600 1 4 _aMroudhon, Pierre-joseph
650 4 _aANARQUISMO
650 4 _aDOCTRINAS POLITICAS
650 4 _aHISTORIA ECONOMICA
650 4 _aHISTORIA EUROPEA
650 4 _aSIGLO DIECINUEVE
650 4 _aSIGLO VEINTE
650 4 _aPOLITICA ECONOMICA
650 4 _aTRABAJADORES
650 4 _aSINDICALISMO
650 4 _aDOCTRINAS ECONOMICAS
650 4 _aDESARROLLO ECONOMICO Y SOCIAL
650 4 _aTEORIA POLITICA
650 4 _aESCUELAS FILOSOFICAS
650 4 _aIDEOLOGIAS
650 4 _aSOCIALISMO
650 4 _aMUTUALIDAD
650 4 _aMOVIMIENTO OBRERO
651 4 _aFrancia
800 1 _aRigal, Luis A.
_edirector
942 _cBK
998 _cEthel
999 _c7946
_d7946